=LDR 00000nam 2200000 4500 =001 000332 =005 20250710023044 =035 ##$$a 0010-0725000185 =007 ta =008 250710################a##########0#ind## =020 ##$$a 978-602-244-936-2 =082 ##$$a 398.209 599 =084 ##$$a 398.209 599 ATK s =100 #$$a Tyas Widjati =245 1#$$a Gambar Lucu Mika /$c Tyas Widjati =250 ##$$a Cetakan Pertama =260 ##$$a Cipete :$b Kementerian Pendidikan, Kebudayaan, Riset, dan Teknologi,$c 2022 =300 ##$$a 22 hlm. : $b Ilus. ; $c 21x29,7 cm. =856 ##$$a TBM AS SUHADA =990 ##$$a TBM00350035 =990 ##$$a TBM202400035